000 00716nac a22002051u 4500
008 100914t xxu||||| |||| 00| 0 eng d
020 _a0003831736
020 _a0003832228
082 _a631.3
_bCUL
100 _aCulpin, Claude
_919115
245 _aFarm Machinery/
_cClaude Culpin.
250 _a11th ed.
260 _aLondon :
_b Collins, 1986
_c1986
300 _a450 p.:
_b ill. ;
_c 24cm.
440 _aCollins professional and technical books
_919116
504 _a Includes index.
650 _aAgricultural machinery
_919117
942 _cBB
_k631.3CUL
_2ddc
999 _c4412
_d4412